000 00688nam a2200265Ia 4500
003 OSt
005 20221007082146.0
006 a|||||r|||| 00| 0
007 ta
008 221006b |||||||| |||| 00| 0 eng d
024 _a27,104
037 _cReports / Technical Reports
040 _aFLL
_cFLL
_beng
041 _2eng
_aeng
082 _aZ202qm, E4
100 _aMacpherson J.M. Co.
_9698845
110 _aGovt. of India
245 0 _aBritish enactments
250 _a3rd
260 _c1914
300 _axi,1-221p
_ccm.
700 _aGovt. of India
942 _hZ202qm, E4
_cREP
_2CC
999 _c1165505
_d1165505